Cómo hacer un proyecto de investigación : (Registro nro. 3686)
[ vista simple ]
| 000 -LEADER | |
|---|---|
| fixed length control field | 01523nam a22002657a 4500 |
| 003 - CONTROL NUMBER IDENTIFIER | |
| control field | PE SENCICO BE |
| 005 - DATE AND TIME OF LATEST TRANSACTION | |
| control field | 20251020182622.0 |
| 008 - FIXED-LENGTH DATA ELEMENTS--GENERAL INFORMATION | |
| fixed length control field | 221213b |||||||| |||| 00| 0 eng d |
| 020 ## - INTERNATIONAL STANDARD BOOK NUMBER | |
| International Standard Book Number | 978-958-778-006-2 |
| 040 ## - CATALOGING SOURCE | |
| Original cataloging agency | PE SENCICO BE |
| Transcribing agency | PE SENCICO BE |
| 041 ## - LANGUAGE CODE | |
| Language code of text/sound track or separate title | spa |
| 082 ## - DEWEY DECIMAL CLASSIFICATION NUMBER | |
| Classification number | 001.42 |
| Item number | T13 |
| -- | 2015 |
| 100 1# - MAIN ENTRY--PERSONAL NAME | |
| 9 (RLIN) | 259 |
| Personal name | Tafur Portilla, Raúl |
| Relator term | autor |
| 245 1# - TITLE STATEMENT | |
| Title | Cómo hacer un proyecto de investigación : |
| Remainder of title | uso de diagramas, matrices y mapas conceptuales / |
| Statement of responsibility, etc. | Raúl Tafur Portilla, Manuel Izaguirre Sotomayor |
| 250 ## - EDITION STATEMENT | |
| Edition statement | 2a ed. |
| 260 ## - PUBLICATION, DISTRIBUTION, ETC. | |
| Place of publication, distribution, etc. | Bogotá: |
| Name of publisher, distributor, etc. | Alfaomega, |
| Date of publication, distribution, etc. | 2015 |
| 300 ## - PHYSICAL DESCRIPTION | |
| Extent | 278 p.: |
| Other physical details | diagrs. ; |
| Dimensions | 24 cm. |
| 504 ## - BIBLIOGRAPHY, ETC. NOTE | |
| Bibliography, etc. note | Bibliografía: p. 263-266 |
| 505 0# - FORMATTED CONTENTS NOTE | |
| Formatted contents note | La elección del tema -- El portafolio electrónico -- Actividad exploratorio preliminar -- Fichas y fichaje -- Descripción de la situación problemática -- Formulación del problema -- Formulación de objetivos de investigación -- Justificación de la tesis -- Viabilidad del proyecto de investigación -- Asuntos éticos en la investigación -- Antecedentes del estudio -- Bases teóricas -- Formulación de la hipótesis -- Definiciones de términos básicos -- Diseño metodológico -- Diseños específicos -- Matriz de consistencia -- Aspectos administrativos del proyecto de investigación |
| 650 10 - SUBJECT ADDED ENTRY--TOPICAL TERM | |
| Topical term or geographic name entry element | Metodología de la investigación |
| 9 (RLIN) | 260 |
| 650 20 - SUBJECT ADDED ENTRY--TOPICAL TERM | |
| Topical term or geographic name entry element | Investigación científica |
| 9 (RLIN) | 261 |
| 700 1# - ADDED ENTRY--PERSONAL NAME | |
| 9 (RLIN) | 262 |
| Personal name | Izaguirre Sotomayor, Manuel |
| 910 ## - USER-OPTION DATA (OCLC) | |
| -- | hfp |
| -- | hfp |
| 942 ## - ADDED ENTRY ELEMENTS (KOHA) | |
| Source of classification or shelving scheme | Dewey Decimal Classification |
| Koha item type | Libros |
| Classification part | 001.42 |
| Item part | T13 |
| Edition | 2015 |
| Fecha de la última vez que lo usaron | Número de ingreso o de inventario | Pago total | Signatura topográfica completa | Código de barras | Precio efectivo desde | Tipo de documento | Estado perdido | Sistema de clasificación | Estado dañado | No es para préstamo | Retirado | Ubicación permanente | Ubicación actual | Fecha de adquisición |
|---|---|---|---|---|---|---|---|---|---|---|---|---|---|---|
| 13/12/2022 | 16360 | 001.42/T13/2015 | BibLima24050005 | 13/12/2022 | Libros | Dewey Decimal Classification | Biblioteca Central Lima | Biblioteca Central Lima | 13/12/2022 |